LBGTQ+ Flags - Sudden Death - Statistics

General Stats
  • This quiz has been taken 787 times
  • The average score is 8 of 18
Answers on the Grid
Answers color-coded by a green-red scale on the quiz's grid according to % correct below.
 
Answer Stats
Answer % Correct
Pride Flag
81%
Transgender
70%
Bisexual
68%
Nonbinary
57%
Lesbian
54%
Pansexual
53%
Genderfluid
52%
Asexual
51%
Abrosexual
41%
Greysexual
41%
Aroace
39%
Intersex
39%
Polysexual
37%
Genderqueer
37%
Demisexual
31%
Sapphic
25%
Polyamory
21%
Achillean
10%
No matching quizzes found
Score Distribution
Percent of People with Each Score
Percentile by Number Answered
Your Score History
You have not taken this quiz